000 00322nam a2200133Ia 4500
008 231129s1966||||xx |||||||||||||| ||spa||
040 _bspa
082 _aF844 Ch492g
100 _aChateaubriand Francois Rene de.
245 0 _aEl genio del cristianismo
260 _c1966
264 _aRamon Sopena
942 _2ddc
_cBKS
999 _c11142
_d11142